Electromagnetic simulation using the FDTD method (Record no. 38802)
[ view plain ]
| 000 -LEADER | |
|---|---|
| fixed length control field | 01307nam a2200337 a 4500 |
| 082 04 - DEWEY DECIMAL CLASSIFICATION NUMBER | |
| Classification number | 537.01 |
| 100 1# - MAIN ENTRY--AUTHOR NAME | |
| Personal name | Sullivan, Dennis Michael, |
| 245 10 - TITLE STATEMENT | |
| Title | Electromagnetic simulation using the FDTD method |
| 250 ## - EDITION STATEMENT | |
| Edition statement | 2nd ed. |
| 260 ## - PUBLICATION, DISTRIBUTION, ETC. (IMPRINT) | |
| Place of publication | Hoboken, N.J. : |
| Name of publisher | IEEE Press : |
| -- | John Wiley & Sons, Inc., |
| Year of publication | 2013. |
| 300 ## - PHYSICAL DESCRIPTION | |
| Number of Pages | xiv, 182 p. : |
| Other physical details | ill. |
| 650 #0 - SUBJECT ADDED ENTRY--TOPICAL TERM | |
| Topical Term | Electromagnetism |
| Topical Term | Finite differences. |
| Topical Term | Time-domain analysis. |
| 856 40 - ELECTRONIC LOCATION AND ACCESS | |
| Uniform Resource Identifier | http://site.ebrary.com/lib/rucke/Doc?id=10720693 |
No items available.
